Science Quiz

Random Science Quiz
Score 0/6 Timer 05:00
0 Plays Today
Number Structure % Correct
2Ureter
91.3%
3Cortex
87%
5Medulla
82.6%
1Hilus
69.6%
4Renal sinus
60.9%
6Pelvis of ureter
47.8%

You're not logged in!

Compare scores with friends on all Sporcle quizzes.
OR
Log In

Sporcle TV

Today on Sporcle TV


Watch our educational content, quiz creation guides, and fun videos on Sporcle TV.

Show Comments

Extras

Created Dec 10, 2012ReportNominate
Tags:felt, kidney, structure

Top Quizzes Today


Score Distribution

Paid Content

Your Account Isn't Verified!

In order to create a playlist on Sporcle, you need to verify the email address you used during registration. Go to your Sporcle Settings to finish the process.

Report this User

Report this user for behavior that violates our Community Guidelines.

Details: